000 00895nam a22002417a 4500
999 _c21687
_d21687
001 13894287
003 OSt
005 20210701123745.0
008 170201b xxu||||| |||| 00| 0 eng d
010 _a 2005006829
020 _a0870818074 (hardcover : alk. paper)
040 _aMMU
_cMMU
_dMMU
_beng
050 0 0 _aF3442
_b.Y8513 2005
100 1 _aYupangui, Diego de Castro,
_ctitu cussi,
_dactive 16th century.
245 1 3 _aAn Inca account of the Conquest of Peru /
_cby titu cusi Yupanqui ; translated, introduced, and annotated by Ralph Bauer.
260 _aBoulder, Colo. :
_bUniversity Press of Colorado,
_cc2005.
300 _axv, 166 p. :
_bill., 1 map ;
_c24 cm.
500 _aIncludes bibliographical references (p. 149-157) and index.
651 0 _aPeru
_xHistory
_yConquest, 1522-1548.
651 0 _aPeru
_xHistory
_y1548-1820.
700 1 _aBauer, Ralph.
942 _2lcc
_cLOAN LOAN